Famous people with depression Quiz Stats

 Plays Quiz not verified by Sporcle

Challenge
Share
Tweet
Embed
Score 0/25 Timer 05:00
0 Plays Today
Hint Person % Correct
American actor who is known for his collaborations with Ben Stiller and Wes AndersonOwen Wilson
68.9%
Wife of the former vice-president who was the subject of the documentary An Inconvenient TruthTipper Gore
60.7%
First president of RussiaBoris Yeltsin
60.7%
Polish author of Heart of DarknessJoseph Conrad
52.5%
Guitarist who is the only three-time inductee in the Rock and Roll Hall of FameEric Clapton
50.8%
American physicist and 'father of the atomic bomb'Robert Oppenheimer
49.2%
Japanese film director who frequently cast Toshiro Mifune in his moviesAkira Kurosawa
42.6%
Rocker and lead singer of Soundgarden and AudioslaveChris Cornell
41%
British author of To the LighthouseVirginia Woolf
41%
Australian lead singer of INXSMichael Hutchence
41%
American sci-fi author who invented the Three Laws of RoboticsIsaac Asimov
41%
Former American NBA player for the Lakers whose silhouette is represented on the logo of the NBAJerry West
36.1%
Folk singer who perished in an aviation crash in 1997John Denver
34.4%
Hint Person % Correct
Former NFL quarterback who led the Pittsburgh Steelers to 4 superbowls in the 1970'sTerry Bradshaw
31.1%
British author of Brighton Rock and The Quiet AmericanGraham Greene
31.1%
Oscar winning actor who played the bigoted police chief in the movie In the Heat of the NightRod Steiger
27.9%
British lexicographer who laid the foundations for the modern dictionarySamuel Johnson
26.2%
French impressionist author who most commonly painted dancersEdgar Degas
26.2%
American playwright of The Iceman ComethEugene O'Neill
19.7%
TV producer and creator of The SopranosDavid Chase
18%
Former outfield baseball player who has the sixth-most home runs in MLB historyKen Griffey Jr
16.4%
Snooker player nicknamed the 'Rocket'Ronnie O'Sullivan
14.8%
Playwright and novelist who is considered the father of modern Swedish literatureAugust Strindberg
9.8%
American author of Requiem for a Dream and Last Exit to BrooklynHubert Selby
8.2%
20th century French postmodernist philosopher Michel Foucault
6.6%

You're not logged in!

Compare scores with friends on all Sporcle quizzes.
Join for Free
OR
Log In

You Might Also Like...

Show Comments

Extras

Created Jun 29, 2015ReportNominate
Tags:Famous Quiz, depression, person

Top Quizzes Today


Score Distribution

Your Account Isn't Verified!

In order to create a playlist on Sporcle, you need to verify the email address you used during registration. Go to your Sporcle Settings to finish the process.

Report this User

Report this user for behavior that violates our Community Guidelines.

Details: